Дело о рассылке в подведомственные Министерству народного просвещения учебные заведения медали, выбитой в память воссоединения в...

Доступно только в Электронных читальных залах Найти на картеНа карте
RUSMARC
00003689nmc2a22002413x 450
00152330ab8-2577-45b1-b795-15c3116e821f
00520250621130056.0
100##$a20241206l18411842k l0rusy0189 ca
1010#$arus
102##$aRU
105##$ay###
1222#$ad
2001#$aДело о рассылке в подведомственные Министерству народного просвещения учебные заведения медали, выбитой в память воссоединения в 1839 году униатов с православной церковью в Российской империи
$j22 ноября 1841 г. - 26 января 1842 г.
215##$a23 л.
$d36,5х26 см
251##$cДело
300##$aНа обложке указано: "№89"
371##$aДокумент не является опубликованным и широко распространяемым
461#0$10012b5b8419-5ce4-4d16-a7a3-85720a295f1f
$12001
$aКанцелярия министра народного просвещения
$1251
$cФонд
$1852
$j735
462#0$1001562cc287-b13c-4f02-8029-f81535ba1e2e
$12001
$aКанцелярия министра народного просвещения
$1251
$cОпись
$1852
$j2
801#0$aRU
$bРГИА
$c20241206
$gRCR
801#1$aRU
$bГлавНИВЦ
$c20241206
$2rusmarc
801#2$aRU
$bПБ им. Б.Н. Ельцина
$c20250621
$gRCR
$2rusmarc
850##$aРГИА
852##$aРГИА
$eФедеральное казенное учреждение "Российский государственный исторический архив" (РГИА)
$j270
937##$hРГИА
$d12420947
$aASBIBLIO_SCAN
035##$aRusGRCC00083060
856##$uhttp://readingroom.main.prlib.ru/item.aspx?id_node=n196840914&mode=full
Формат отображения